Etica y Política.

Guardado en:
Detalles Bibliográficos
Autor principal: Sánchez Vásquez, Adolfo (autor)
Formato: Libro
Lenguaje:español
Publicado: Ciudad de México, México: Fondo de Cultura Económica; Universidad Autónoma de México, 2007.
Colección:Filosofía.
Materias:
Etiquetas: Agregar Etiqueta
Sin Etiquetas, Sea el primero en etiquetar este registro!

MARC

LEADER 00000cam a2200000 a 4500
001 UCE1635
003 CL-VaPUC
005 20240523134849.0
008 140508e20070000mx |||||||||||||||||spa|d
999 |c 355375  |d 355373 
020 |a 9789681684235 
040 |c Pontificia Universidad Católica de Valparaíso 
082 0 4 |a 172 SAN 2007  |b    |2 21 
100 0 |a Sánchez Vásquez, Adolfo  |e autor  |9 573995 
245 1 0 |a Etica y Política. 
260 |a Ciudad de México, México:  |b Fondo de Cultura Económica;  |b Universidad Autónoma de México,  |c 2007. 
300 |a 172 páginas.  
490 0 |a Filosofía. 
583 |a last modification  |c 20140508 16:03:00  |k Rodrigo Vera 
650 0 |a Etica política   |9 255799 
650 0 |a Filosofía política   |9 889044 
942 |c BK  |2 ddc 
945 |d 20140508 16:03:00  |a dcastane 
952 |0 0  |1 0  |3 erb  |4 0  |6 172_000000000000000_SAN_2007_2007  |7 0  |8 A  |9 462080  |a BIBEDU  |b BIBEDU  |i 5074428  |o 172 SAN 2007 2007  |p 5074428  |r 2019-11-23  |w 2019-11-23  |y BK  |z Catalogado en:20140508  |k FIL